Finančné aspekty nástrojov aktívnej politiky trhu práce bakalárska práca

Enregistré dans:
Détails bibliographiques
Auteur principal: Ottingerová, Zuzana
Collectivité auteur: Národohospodárska fakulta EU. Katedra financií
Autres auteurs: Laciňák, Jozef
Format: Livre
Langue:slovaque
Publié: Bratislava 2014
Tags: Ajouter un tag
Pas de tags, Soyez le premier à ajouter un tag!

MARC

LEADER 00000nbm a2200000 4500
001 0189412
005 20170201085411.3
041 0 |a slo 
044 |a SK 
245 1 0 |a Finančné aspekty nástrojov aktívnej politiky trhu práce  |b bakalárska práca  |c Zuzana Ottingerová ; školiteľ: Jozef Laciňák 
264 1 |a Bratislava  |c 2014 
300 |a 54 s. 
100 1 |a Ottingerová, Zuzana 
700 1 |a Laciňák, Jozef 
710 2 |a Národohospodárska fakulta EU. Katedra financií